Представление документа в формате MARC21

Поле Инд. ПП Название Значение
Тип записи a
Библиографический уровень a
001 Контрольный номер 5167022b710c483d868943dae3c7bf21
005 Дата корректировки 20260701154235.7
040 a Служба первич. каталог. 10013504
041 0_ a Код языка текста rus
100 1_ a Автор Дубинин Г.Н.
q Полное имя Дубинин Георгий Николаевич
245 10 a Заглавие Некоторые направления в развитии авиационных сплавов высокой прочности
260 a Место издания Москва
b Издательство МАИ
504 a Библиография Библиогр.: с.19 (15 назв.)
653 0_ a Ключевые слова АВТОР МАИ; АВИАЦИОННЫЕ СПЛАВЫ ВЫСОКОЙ ПРОЧНОСТИ
773 18 a Заголовок основной записи Московский авиационный институт им. С. Орджоникидзе
w Контрольный № источника d62d2c63ed474c1d8601f9bce85f9d7d
t Название источника Труды института
d Место и дата издания Москва : МАИ, 1971
g Прочая информация Вып. 228. - С.5-19
901 t Тип документа a